चाय चाय (Record no. 1262533)

MARC details
000 -LEADER
fixed length control field 00638nam a2200193Ia 4500
008 - FIXED-LENGTH DATA ELEMENTS--GENERAL INFORMATION
fixed length control field 151121s9999||||xx |||||||||||||| ||und||
082 ## - DEWEY DECIMAL CLASSIFICATION NUMBER
Classification number 910/कुंडेट
082 ## - DEWEY DECIMAL CLASSIFICATION NUMBER
Item number HNW-113406
100 ## - MAIN ENTRY--PERSONAL NAME
Personal name कुंडेटकर पुर्णिमा
245 ## - TITLE STATEMENT
Title चाय चाय
260 ## - PUBLICATION, DISTRIBUTION, ETC. (IMPRINT)
Name of publisher, distributor, etc "मेहता पब्लिशिंग हाऊस, पुणे।"
260 ## - PUBLICATION, DISTRIBUTION, ETC. (IMPRINT)
Date of publication, distribution, etc 2011
300 ## - PHYSICAL DESCRIPTION
Extent 166
600 ## - SUBJECT ADDED ENTRY--PERSONAL NAME
Personal name कुंडेटकर पुर्णिमा
630 ## - SUBJECT ADDED ENTRY--UNIFORM TITLE
Uniform title चाय चाय
700 ## - ADDED ENTRY--PERSONAL NAME
Personal name कुंडेटकर पुर्णिमा
730 ## - ADDED ENTRY--UNIFORM TITLE
Uniform title चाय चाय
942 ## - ADDED ENTRY ELEMENTS (KOHA)
Koha item type Book
Holdings
Withdrawn status Lost status Damaged status Not for loan Home library Current library Date acquired Cost, normal purchase price Total Checkouts Full call number Barcode Date last seen Cost, replacement price Price effective from Koha item type
        Hirachand Nemchand Wachanalaya, Solapur Hirachand Nemchand Wachanalaya, Solapur 08/22/2013 150.00   HNW-113406 HNW-113406 11/21/2015 150.00 11/21/2015 Book